00334 a2200121 450000100060000010000170000624500180002326000280004109000170006994200230008699900190010995200840012853088 aSmirnov B M aNegative Lons aNew YorkbMcGraw-Hillc c33375d33375 aNUST-CAEcMc25975 c288161d288161 001040708NFICaCAEbCAEd2017-04-03l0pCAE30094r2017-04-05w2017-04-05yBK